| 000 | 01168cam a2200385 i 4500 | ||
|---|---|---|---|
| 001 | 200460430 | ||
| 003 | TR-AnTOB | ||
| 005 | 20240528162335.0 | ||
| 007 | ta | ||
| 008 | 040729t19981998nyua b 001 0 eng d | ||
| 020 |
_a0838505651 _q(paperback) |
||
| 020 |
_a9780838505656 _q(paperback) |
||
| 022 | _a0891-2033 | ||
| 035 | _a(TR-AnTOB)B32 1998 | ||
| 040 |
_aTR-AnTOB _beng _erda _cTR-AnTOB |
||
| 041 | 0 | _aeng | |
| 060 | 0 | 0 |
_aQV 4 _bB32 1998 |
| 096 |
_aQV4 _bB32 1998 |
||
| 245 | 0 | 0 |
_aBasic & clinical pharmacology / _cedited by Bertram G. Katzung. |
| 246 | 1 | 3 | _aBasic and clinical pharmacology |
| 250 | _aSeventh edition. | ||
| 264 | 1 |
_aNew York : _bMcGraw-Hill Medical, _c1998. |
|
| 264 | 4 | _c©1998 | |
| 300 |
_axii, 1151 pages : _billustrations ; _c25 cm |
||
| 336 |
_atext _btxt _2rdacontent |
||
| 337 |
_aunmediated _bn _2rdamedia |
||
| 338 |
_avolume _bnc _2rdacarrier |
||
| 500 | _aA lange medical book | ||
| 504 | _aBIBINDX | ||
| 650 | 0 | 0 |
_aPharmacology, Clinical _9126184 |
| 650 | 2 |
_aPharmacology _9120866 |
|
| 700 | 1 |
_aKatzung, Bertram G. _eeditor _9110838 |
|
| 942 |
_2NLM _cBK |
||
| 999 |
_c200460430 _d78642 |
||